00687cam a22003014i 4500003000900000005001700009008004100026035001900067040003300086082001700119100002800136245005100164264000500215336002100220337002500241338002300266526001000289526001000299526001000309526001000319526000800329526000800337526000800345526000800353526000800361526000800369526000800377PE-LiUPU20250731173226.0150625s r 000 0 d a(Sirsi) a34099 aPE-LiUPUbspacPE-LiUPUerda04a261bB672211 aBoff, Clodovis,eautor.10aTeología de lo político /c Clodovis Boff. 1a atext2rdacontent aunmediated2rdamedia avolume2rdacarrier aSEG42 aSEG41 aSEG40 aSEG39 aP94 aP87 aP86 aP85 aP77 aP76 aP35